| 000 | 00984nam a22002177a 4500 | ||
|---|---|---|---|
| 005 | 20080624151852.0 | ||
| 008 | 080624t xxu||||| |||| 00| 0 hin d | ||
| 010 | _aHIN-46017 | ||
| 020 | _c120.00 | ||
| 035 | _aHN-27343 | ||
| 037 | _bDBAD | ||
| 040 |
_adpl _bHN |
||
| 082 | _a181.492 | ||
| 100 | _aमहाप्रज्ञ | ||
| 245 |
_aनया मानव नया विश्व / _cमहाप्रज्ञ, धनंजयकुमार द्वारा संपादित |
||
| 260 |
_aचूरू _bआदर्श साहित्य संघ _c1999 |
||
| 300 |
_a224पृ. _c23सेमी. |
||
| 700 | _aधनंजयकुमार द्वारा संपादित | ||
| 942 |
_cHN _2ddc _h181.492 _m महाप्र |
||
| 999 |
_c13961 _d13961 |
||